| 000 | 00877nam a2200253Ia 4500 | ||
|---|---|---|---|
| 003 | OSt | ||
| 005 | 20220923211039.0 | ||
| 006 | a|||||r|||| 00| 0 | ||
| 007 | ta | ||
| 008 | 220922b |||||||| |||| 00| 0 hin d | ||
| 020 |
_a8173120196 (hbk) _c300 |
||
| 024 | _a235,937 | ||
| 037 |
_b430, 19/03/2008, Swaraj Prakashan _cTextual |
||
| 040 |
_aARTS _cARTS _bhin |
||
| 041 |
_2hin _ahin |
||
| 082 | _a40aX:513, 152P3 | ||
| 100 |
_aगोयल, सन्तोष _9156291 |
||
| 245 | 0 | _aजनसम्पर्क और विज्ञापन | |
| 246 | _aJanasamparka aur vijnyāpana | ||
| 260 |
_aदिल्ली _b श्री नटराज प्रकाशन _c2003 |
||
| 300 |
_a160पृ. _ccm. |
||
| 942 |
_h40aX:513, 152P3 _cTEXL _2CC |
||
| 999 |
_c294470 _d294470 |
||